NFL Top 20 Players in the AFC North - Statistics

General Stats
  • This quiz has been taken 81 times
  • The average score is 11 of 20
Answer Stats
Team Player % Correct
Ravens Lamar Jackson
100%
Bengals Joe Burrow
93%
Bengals Ja'Marr Chase
91%
Steelers T.J. Watt
87%
Browns Myles Garrett
79%
Browns Nick Chubb
78%
Bengals Joe Mixon
67%
Browns Deshaun Watson
61%
Ravens Mark Andrews
58%
Steelers Minkah Fitzpatrick
54%
Browns Denzel Ward
52%
Ravens Marlon Humphrey
52%
Steelers Cameron Heyward
48%
Bengals Trey Hendrickson
46%
Bengals Jessie Bates
39%
Ravens Justin Tucker
27%
Ravens Ronnie Stanley
22%
Browns Wyatt Teller
19%
Bengals Evan McPherson
13%
Browns Jeremiah Owusu-Koramoah
3%
No matching quizzes found
Score Distribution
Percent of People with Each Score
Percentile by Number Answered
Your Score History
You have not taken this quiz